00500nam a2200145Ia 4500008004100000020001800041050001700059100000800076245004100084260003100125300001100156650007100167952009900238999001700337120626s9999 xx 000 0 und d a968-406-181-1 aPE1645 E8 V6 aVOX aDiccionario inglés español / Vox aMéxico: PLANETA MEXICANA a196 p. a1. Inglés- Dicc.-Español 2. Español- Dicc.- InglésÌÌ 00102lcc4070a01b01d2022-09-19l0oPE1645 E8 V6p16 001747r2023-07-12t1w2022-09-19yLB c69343d69343